000 00479nam a2200193Ia 4500
005 20250923144223.0
008 008 250917s9999 xx 000 0 eng d
037 _aTextual
040 _aDSWL
_beng
_cDSWL
041 _aeng
_2eng
084 _qDSWL
245 0 _aEducation of women in modern India
_cby All India Women Cocference
260 _aIndia
_c1946
300 _a88 p.
365 _aINR
_b2.5
925 _g2.5
942 _cTEXL
999 _c1436231
_d1436231